A Walk across Africa or domestic scences from my Nile journal. (Record no. 12614)

MARC details
000 -LEADER
fixed length control field 00603cam a22001932 4500
001 - CONTROL NUMBER
control field 0000001571
005 - DATE AND TIME OF LATEST TRANSACTION
control field 20151217155812.0
008 - FIXED-LENGTH DATA ELEMENTS--GENERAL INFORMATION
fixed length control field 070316s xx 000 0 eng d
040 ## - CATALOGING SOURCE
Original cataloging agency KABU
Transcribing agency KABU
050 #0 - LIBRARY OF CONGRESS CALL NUMBER
Classification number DT365.2
Item number .G73
100 1# - MAIN ENTRY--PERSONAL NAME
Personal name Grant, James Augustus.
-- 0000150425
245 12 - TITLE STATEMENT
Title A Walk across Africa or domestic scences from my Nile journal.
260 ## - PUBLICATION, DISTRIBUTION, ETC. (IMPRINT)
Place of publication, distribution, etc. London :
Name of publisher, distributor, etc. William Blackwood,
Date of publication, distribution, etc. 1864.
300 ## - PHYSICAL DESCRIPTION
Extent xviii, 452 p.
651 #0 - SUBJECT ADDED ENTRY--GEOGRAPHIC NAME
Geographic name Africa, Eastern
General subdivision Description and travel.
-- 0000150426
908 ## - PUT COMMAND PARAMETER (RLIN)
Put command parameter 070316
950 ## - LOCAL HOLDINGS (RLIN)
-- 1
Holdings
Withdrawn status Lost status Source of classification or shelving scheme Not for loan Home library Current library Date acquired Total Checkouts Full call number Barcode Date last seen Price effective from Koha item type
    Library of Congress Classification   Kabarak, Main Campus Kabarak, Main Campus 17/12/2015   DT365.2 .G73 006487 17/12/2015 17/12/2015 Africana Collection
Designed with assistance from East African Informatics Ltd